| 000 | 01410nam a2200313 a 4500 | ||
|---|---|---|---|
| 001 | BRCA_2545 | ||
| 005 | 20190320203846.0 | ||
| 008 | 261108s1867----fr-#---###---#000-0dspa-u | ||
| 041 | _aspa | ||
| 044 | _afr | ||
| 084 |
_a162 _b.B39 _c1867 |
||
| 100 | 1 |
_aCervantes Saavedra, Miguel de _d1547-1616 _9213 |
|
| 245 | 1 | 0 |
_aEl Hidalgo Don Quijote de la Mancha _ccompuesto por Miguel de Cervantes Saavedra. |
| 260 |
_aParís _bBaundry, Libreria europea _c1867 |
||
| 300 |
_a679 p. _c22 cm. |
||
| 440 | 0 |
_aColección de los mejores autores españoles _n1 _97234 |
|
| 440 | 0 |
_aObras de Miguel de Cervantes Saavedra _97200 |
|
| 500 | _aContenido : Primera parte. Vida de Cervantes por M. Fernández de Navarrete. Dedicatoria del autor. Prólogo del autor. Versos preliminares. Texto. Segunda parte. Dedicatoria del autor. Prólogo del autor. Texto | ||
| 500 | _aCopia de la edición de 1861 del mismo editor. Semipiel; lomera decorada con adornos dorados Lúdovik Osterc | ||
| 500 | _aQM148A | ||
| 650 | 1 | 4 |
_aNovela española _yÉpoca clásica, 1500-1700 _9215 |
| 650 | 1 | 4 |
_aLiteratura española _yÉpoca clásica, 1500-1700 _9216 |
| 650 | 1 | 4 |
_aNovela española _ySiglo XVII _9217 |
| 650 | 1 | 4 |
_aDon Quijote (Personaje ficticio) _eNovela _9218 |
| 700 | 1 |
_aFernández de Navarrete, Martín _d1765-1844 _eBiógrafo _97290 |
|
| 740 | 0 | _aEl Ingenioso Hidalgo Don Quijote de la Mancha | |
| 902 | _aQFM | ||
| 942 |
_2lcc _cB |
||
| 999 |
_c2285 _d2285 |
||